Naruto series-Name the Kages Quiz Stats

 Plays Quiz not verified by Sporcle

Support Sporcle.
Go Orange.
Score 0/9 Timer 03:00
0 Plays Today
Title Name % Correct
Fifth HokageTsunade
95.8%
Fifth Kazekage Gaara
94%
First HokageHashirama Senju
92.4%
Second HokageTobirama Senju
91.1%
Fourth HokageMinato Namikaze
90.9%
Third HokageHiruzen Sarutobi
89.6%
Fourth Raikage A
79.4%
Third TsuchikageŌnoki
69%
Fourth Mizukage Mei Terumī
55.5%

You're not logged in!

Compare scores with friends on all Sporcle quizzes.
OR
Log In

From the Vault

Olympic '...thlon' Events

by triviahappy

If you finish a bunch of them back to back, is it a thlonthlon?
Remove Ads.
Support Sporcle.
Get the best of Sporcle when you Go Orange. This ad-free experience offers more features, more stats, and more fun while also helping to support Sporcle. Thank you for becoming a member.

Show Comments

Extras

Top Quizzes Today


Score Distribution

Your Account Isn't Verified!

In order to create a playlist on Sporcle, you need to verify the email address you used during registration. Go to your Sporcle Settings to finish the process.

Report this User

Report this user for behavior that violates our Community Guidelines.

Details: